logo

Bir Sreshtho Munshi Abdur Rouf Library
Jhenaidah Cadet College

Mechanical drawing / (Record no. 5353)

MARC details
000 -LEADER
fixed length control field 00886pam a2200289 i 4500
001 - CONTROL NUMBER
JCCL Control Number 5353
003 - CONTROL NUMBER IDENTIFIER
JCCL marc code BD-JhCC
005 - DATE AND TIME OF LATEST TRANSACTION
control field 20171213121600.0
008 - FIXED-LENGTH DATA ELEMENTS--GENERAL INFORMATION
fixed length control field 790626s1980 nyua 001 0 eng
020 ## - INTERNATIONAL STANDARD BOOK NUMBER
International Standard Book Number 0070223130
035 ## - SYSTEM CONTROL NUMBER
system control number (BD-JhCC)5353
040 ## - CATALOGING SOURCE
Original cataloging agency DLC
Transcribing agency DLC
Modifying agency DLC
041 ## - LANGUAGE CODE
Language code of Book eng
050 00 - LIBRARY OF CONGRESS CALL NUMBER
Classification number T353
Item number .M48 1980
082 00 - DEWEY DECIMAL CLASSIFICATION NUMBER
Classification number 604/.2
Author mark and Year FRE 1977
245 00 - TITLE STATEMENT
Title Mechanical drawing /
Statement of responsibility, etc Thomas E. French ... [et al.].
250 ## - EDITION STATEMENT
Edition statement 9th ed.
260 ## - PUBLICATION, DISTRIBUTION, ETC. (IMPRINT)
Place of publication, distribution, etc New York :
Name of publisher, distributor, etc McGraw-Hill,
Date of publication, distribution, etc c1980.
300 ## - PHYSICAL DESCRIPTION
Pagination 568 p. :
Other physical details ill. (some col.) ;
Dimensions 27 cm.
500 ## - GENERAL NOTE
General note Includes index.
520 ## - SUMMARY, ETC.
Summary, etc A textbook introducing the basic theory, techniques, and uses of drafting for industrial arts and vocational high school students.
650 #0 - SUBJECT ADDED ENTRY--TOPICAL TERM
Topical term or geographic name as entry element Mechanical drawing.
650 #1 - SUBJECT ADDED ENTRY--TOPICAL TERM
Topical term or geographic name as entry element Mechanical drawing.
700 1# - ADDED ENTRY--PERSONAL NAME
Personal name French, Thomas Ewing,
Dates associated with a name 1871-1944.
942 ## - ADDED ENTRY ELEMENTS (KOHA)
Source of classification or shelving scheme Dewey Decimal Classification
Koha item type Books
Holdings
Source of classification or shelving scheme Damaged status Not for loan Home library Current library Shelving location Total Checkouts Full call number Barcode Date last seen Copy number Koha item type
Dewey Decimal Classification     JCC Rouf Library JCC Rouf Library General Stacks   604/.2 FRE 1977 7493 12/13/2017 C - 1 Books

JCC Library | Contacts | JCC Home

Last Update on 23 September 2017
Copyright @ 2017-2020 JCC Rouf Library
Rouf Library, Jhenidah Cadet College (JCC), Bangladesh